书目信息 |
| 题名: |
伊斯兰的起义
|
|
| 作者: | 雪莱 著 ;王科一 译 | |
| 分册: | ||
| 出版信息: | 上海 上海译文出版社 1978.5 |
|
| 页数: | 324页 | |
| 开本: | 21cm | |
| 丛书名: | ||
| 单 册: | ||
| 中图分类: | I561.2 | |
| 科图分类: | ||
| 主题词: | 文学 | |
| 电子资源: | ||
| ISBN: | ||
| 000 | 00546nam0 2200205 45 | |
| 001 | 0181017274 | |
| 005 | 20060913170243.18 | |
| 010 | @dCNY1.10 | |
| 091 | @a10188.20 | |
| 100 | @a20810111d km y0chiy0120 ea | |
| 101 | 0 | @achi |
| 200 | 1 | @a伊斯兰的起义@Ayi si lan de qi yi@f(英)雪莱著@F(ying)xue lai zhu@g王科一译 |
| 210 | @a上海@c上海译文出版社@d1978.5 | |
| 215 | @a324页@d21cm | |
| 606 | 0 | @a文学 |
| 690 | @aI561.2 | |
| 701 | 0 | @a雪莱@Axue lai@4著 |
| 702 | 0 | @a王科一@4译 |
| 801 | @aCN@bTSTC@c20060913 | |
| 905 | @dI561.2@e111@f3@b107212-14 | |
| 伊斯兰的起义/(英)雪莱著/王科一译.-上海:上海译文出版社,1978.5 |
| 324页;21cm |
| ISBN :CNY1.10 |
| ● |
| 相关链接 |
|
|
|
|
正题名:伊斯兰的起义
索取号:I561.2/111
 
预约/预借
| 序号 | 登录号 | 条形码 | 馆藏地/架位号 | 状态 | 备注 |
| 1 | 0000781 | 000684897 | 第二借阅区/ [索取号:I561.2/111] | 在馆 | |
| 2 | 0107212 | 000680016 | 密集书库/ [索取号:I561.2/111] | 在馆 | |
| 3 | 0107213 | 000679830 | 密集书库/ [索取号:I561.2/111] | 在馆 | |
| 4 | 0107214 | 000680034 | 第一样本阅览室/ [索取号:I561.2/111] | 在馆 | |
| 5 | 0429136 | 204291364 | 密集书库/ [索取号:I561.2/111] | 在馆 | |
| 6 | 0470072 | 204700724 | 密集书库/ [索取号:I561.2/111] | 在馆 | |
| 7 | 0470894 | 204708940 | 密集书库/ [索取号:I561.2/111] | 在馆 | |
| 8 | 0474208 | 204742083 | 密集书库/ [索取号:I561.2/111] | 在馆 | |
| 9 | 0474803 | 204748032 | 密集书库/ [索取号:I561.2/111] | 在馆 | |
| 10 | 0475255 | 204752552 | 密集书库/ [索取号:I561.2/111] | 在馆 |